000 00453nam a2200169Ia 4500
003 OSt
005 20220509051541.0
008 151015s9999 xx 000 0 und d
020 _a132190591
040 _aMMU
_beng
_cMMU
_dMMU
050 _aG 155 .AC674 2010
100 _aCook, Roy A.
245 _aTourism the business of travel/
_cRoy A.Cook.
250 _a3rd ed.
260 _aNew Jersey :
_b Pearson Education,
_c2006.
942 _2lcc
_cLOAN LOAN
999 _c2521
_d2521